<?xml version="1.0" encoding="UTF-8"?>
<collection xmlns="http://www.loc.gov/MARC21/slim">
    <record>
        <controlfield tag="001">47097</controlfield>
        <controlfield tag="005">20170831220554.0</controlfield>
        <datafield tag="037" ind1=" " ind2=" ">
            <subfield code="a">TAZ-TFM-2015-597</subfield>
        </datafield>
        <datafield tag="041" ind1=" " ind2=" ">
            <subfield code="a">spa</subfield>
        </datafield>
        <datafield tag="100" ind1="1" ind2=" ">
            <subfield code="a">Llano Espinosa, María</subfield>
        </datafield>
        <datafield tag="245" ind1="0" ind2="0">
            <subfield code="a">Complicaciones postquirúrgicas tras adenoamigdalectomía en niños con Síndrome de Apnea-Hipopnea del Sueño en el Hospital Universitario Miguel Servet</subfield>
        </datafield>
        <datafield tag="260" ind1=" " ind2=" ">
            <subfield code="a">Zaragoza</subfield>
            <subfield code="b">Universidad de Zaragoza</subfield>
            <subfield code="c">2015</subfield>
        </datafield>
        <datafield tag="506" ind1=" " ind2=" ">
            <subfield code="a">by-nc-sa</subfield>
            <subfield code="b">Creative Commons</subfield>
            <subfield code="c">3.0</subfield>
            <subfield code="u">http://creativecommons.org/licenses/by-nc-sa/3.0/</subfield>
        </datafield>
        <datafield tag="520" ind1=" " ind2=" ">
            <subfield code="a">Introducción: El síndrome de apnea-hipopnea obstructiva del sueño (SAHS) se caracteriza por episodios de obstrucción de la vía aérea superior, parcial o completa, durante el sueño. La prevalencia es de 1-5% en niños y puede suceder a cualquier edad, pero es más frecuente en niños de edades comprendidas de 2 a 6 años. El síndrome de apnea-hipopnea del sueño no tratado se asocia a complicaciones cardiovasculares, neuropsíquicas y metabólicas, como retraso del crecimiento, problemas de aprendizaje o alteraciones del comportamiento. Un diagnóstico y tratamiento precoces del SAHS puede disminuir la morbimortalidad; sin embargo, el diagnóstico se demora frecuentemente. El diagnóstico se basa en la relación de signos y síntomas que presente el paciente, la exploración física de la vía aérea superior y las pruebas complementarias (estudio de sueño). El Grupo de Consenso Español de Síndrome de Apneas/Hipopneas durante el sueño acepta un índice de apneas-hipopneas obstructivas (IAH) entre 1 y 3 como línea de corte de normalidad. Sin embargo, el IAH por sí solo no es suficiente para el diagnóstico y debe considerarse en el contexto clínico de cada niño. En los últimos años, con el auge de los trastornos respiratorios del sueño, están surgiendo publicaciones relacionadas con las complicaciones postoperatorias de la adenoamigdalectomía en niños con síndrome de apnea-hipopnea del sueño, especialmente en aquellos con una mayor gravedad. Objetivos: evaluar las complicaciones postoperatorias de los niños intervenidos de SAHS en el Hospital Universitario Miguel Servet de Zaragoza, en relación con la gravedad del SAHS y establecer si precisan de cuidados postoperatorios en unidades especiales.</subfield>
        </datafield>
        <datafield tag="521" ind1=" " ind2=" ">
            <subfield code="a">Máster Universitario en Iniciación a la Investigación en Medicina</subfield>
        </datafield>
        <datafield tag="540" ind1=" " ind2=" ">
            <subfield code="a">Derechos regulados por licencia Creative Commons</subfield>
        </datafield>
        <datafield tag="700" ind1=" " ind2=" ">
            <subfield code="a">Vicente González, Eugenio</subfield>
            <subfield code="e">dir.</subfield>
        </datafield>
        <datafield tag="710" ind1="2" ind2=" ">
            <subfield code="a">Universidad de Zaragoza</subfield>
            <subfield code="b"> </subfield>
            <subfield code="c"></subfield>
        </datafield>
        <datafield tag="856" ind1="0" ind2=" ">
            <subfield code="f">711715@celes.unizar.es</subfield>
        </datafield>
        <datafield tag="856" ind1="4" ind2=" ">
            <subfield code="s">434630</subfield>
            <subfield code="u">http://zaguan.unizar.es/record/47097/files/TAZ-TFM-2015-597.pdf</subfield>
            <subfield code="y">Memoria (spa)</subfield>
        </datafield>
        <datafield tag="909" ind1="C" ind2="O">
            <subfield code="o">oai:zaguan.unizar.es:47097</subfield>
            <subfield code="p">driver</subfield>
            <subfield code="p">trabajos-fin-master</subfield>
        </datafield>
        <datafield tag="950" ind1=" " ind2=" ">
            <subfield code="a"></subfield>
        </datafield>
        <datafield tag="951" ind1=" " ind2=" ">
            <subfield code="a">deposita:2016-02-10</subfield>
        </datafield>
        <datafield tag="980" ind1=" " ind2=" ">
            <subfield code="a">TAZ</subfield>
            <subfield code="b">TFM</subfield>
            <subfield code="c">MED</subfield>
        </datafield>
    </record>

    
</collection>